La unión monetaria y España : ¿integración económica o desintegración social? /
Uloženo v:
| Hlavní autor: | |
|---|---|
| Médium: | Elektronický zdroj E-kniha |
| Jazyk: | španělština |
| Vydáno: |
Bilbao :
Universidad de Deusto,
1997.
|
| Edice: | Publicaciones de la Universidad de Deusto. Economía ;
v. 24. |
| Témata: | |
| On-line přístup: | Digitalia Hispánica |
| Tagy: |
Přidat tag
Žádné tagy, Buďte první, kdo vytvoří štítek k tomuto záznamu!
|
MARC
| LEADER | 00000nam a2200000Ii 4500 | ||
|---|---|---|---|
| 001 | DIGDEU1124 | ||
| 003 | NyNyDIG | ||
| 006 | m o d | ||
| 007 | cr ||||||||||| | ||
| 008 | 130501s1997 sp d ob f000 0 spa d | ||
| 020 | |a 9788498309607 |q (eBook) | ||
| 020 | |z 8474854725 | ||
| 020 | |z 9788474854725 | ||
| 035 | |a (OCoLC)605049688 | ||
| 040 | |a DGITA |b eng |e pn |c DGITA | ||
| 043 | |a e------ |a e-sp--- | ||
| 050 | 1 | 4 | |a HC241.25 eBook |
| 100 | 1 | |a Rodríguez Ortiz, Francisco. | |
| 245 | 1 | 3 | |a La unión monetaria y España : |b ¿integración económica o desintegración social? / |c Francisco Rodríguez Ortiz. |
| 264 | 1 | |a Bilbao : |b Universidad de Deusto, |c 1997. | |
| 300 | |a 1 online resource (319 pages) : |b charts | ||
| 336 | |a text |b txt |2 rdacontent | ||
| 337 | |a computer |b c |2 rdamedia | ||
| 338 | |a online resource |b cr |2 rdacarrier | ||
| 490 | 1 | |a Serie Economía ; |v v. 24 | |
| 504 | |a Includes bibliographical references (p. 315-319) | ||
| 610 | 2 | 0 | |a European Economic Community |z Spain. |
| 650 | 0 | |a Monetary unions |z Spain. | |
| 651 | 0 | |a Spain |x Economic integration. | |
| 650 | 0 | |a International economic relations. | |
| 655 | 0 | |a Electronic books. | |
| 791 | 2 | |a Digitalia (Firm), |e distributor. | |
| 830 | 0 | |a Publicaciones de la Universidad de Deusto. |p Economía ; |v v. 24. | |
| 793 | 0 | |g Digitalia eBook Collection: |a Universidad de Deusto. | |
| 856 | 4 | 0 | |3 Digitalia Hispánica |u https://digitalia.unach.elogim.com/a/15228/ |
| 910 | |a Premium Collection: 2007-2012 | ||